Municipios colindantes con el término de Alicante - Estadísticas

Estadísticas generales
  • Esta prueba ha sido intentada 77 veces
  • La puntuación promedio es 8 de 12
Estadísticas de respuestas
Municipio % Correcto
Elx/Elche
93%
Sant Joan d'Alacant
93%
Sant Vicent del Raspeig/San Vicent del Raspeig
91%
El Campello
81%
Mutxamel
76%
Agost
66%
Busot
64%
Xixona/Jijona
64%
Aigües
52%
Monforte del Cid
52%
Tibi
47%
Relleu
29%
No se encontraron pruebas coincidentes
Distribución de puntuación
Porcentaje de gente con cada puntuación
Porcentaje por número respondido
Historial de tus puntuaciones
No has intentado esta prueba.